| 000 | 00347nam a22001457a 4500 | ||
|---|---|---|---|
| 003 | SGT | ||
| 020 | _a978-81-272-6746-9 | ||
| 082 |
_a300.72 _bRAY |
||
| 100 | _aRAY, G.L. | ||
| 245 | _aRESEARCH METHODS IN SOCIAL SCIENCES AND EXTENSION EDUCATION | ||
| 250 | _a3RD | ||
| 260 |
_aINDIA _bKALYANI PUB. _c2022 |
||
| 300 | _a330 | ||
| 942 |
_2ddc _cBK _06 |
||
| 999 |
_c22788 _d22788 |
||